000 01447nam0a2200301 4500
001 RU\NLR\bibl\32317
005 20260407080012.0
010 _a5-86785-047-1
_9300
021 _aRU
_b98-38569
_91850
035 _a(NLR Aleph) 000031491
090 _a157992
_c157992
100 _a19990608d1998 |||y0rusy50 ca
101 0 _arus
102 _aRU
105 _a|||||||||||||
200 1 _aАктуальные вопросы подготовки специалистов сельскохозяйственного производства
_eСб. науч. тр.
_fМ-во сел. хоз-ва и продовольствия Рос. Федерации. Деп. кадровой политики и образования, Моск. гос. агроинж. ун-т им. В.П. Горячкина
210 _aМ.
_cМГАУ
_d1998
215 _a86 с.
_d20
320 _aБиблиогр. в конце ст. и в подстроч. примеч.
606 0 _aСельское хозяйство
_jСборники
_xКадры
_xПодготовка
_91022096
_3RU\NLR\auth\66390746
686 _aЧ488.8я43
711 0 2 _4070
_aМосковский государственный агроинженерный университет им. В. П. Горячкина
_3RU\NLR\AUTH\884582
_9280701
801 0 _aRU
_bNLR
_c19990608
_gPSBO
801 1 _aRU
_bNLR
_c19990608
852 _aNLR
_j99-4/2830
942 _cBOOK
980 _aNB